000 00485nam a22001817a 4500
005 20240508121058.0
010 _aENG-140218
020 _c250.00
_a9789380224060
035 _aEN-123750
037 _bDBAD
082 _aN
100 _aBarnabas, Sarala
_965902
245 _aSong of Innocence/
_cby Sarala Barnabas
260 _aRajasthan
_bShruti Publications
_c2011
270 _bJaipur
_a50-Ka-6, Jyoti Nagar
_e302005
300 _a216p.
_c22cm(pbk)
942 _2ddc
_cEN
_hN
_mBAR
999 _c202286
_d202286